[Event "Moscow FIDE GP"]
[Site "Moscow"]
[Date "2017.05.18"]
[Round "6"]
[White "Gelfand, Boris"]
[Black "Harikrishna, Pentala"]
[Result "1-0"]
[WhiteElo "2724"]
[BlackElo "2750"]
[Annotator "Yuffa,D"]
[PlyCount "103"]
[EventDate "2017.05.12"]
[EventType "swiss"]
[EventRounds "9"]
[EventCountry "RUS"]
[SourceTitle "CBM 179"]
[Source "ChessBase"]
[SourceDate "2017.07.12"]
[SourceVersion "1"]
[SourceVersionDate "2017.07.12"]
[SourceQuality "1"]

{Boris is a famous Catalan specialist and it shows in this game.} 1. d4 Nf6 2.
c4 e6 3. Nf3 d5 4. g3 Be7 5. Bg2 O-O 6. O-O dxc4 7. Qc2 a6 ({The first point.
It looks like suicide, but it's difficult to prove even a slight advantage for
White:} 7... b5 8. a4 b4 9. Nfd2 (9. Nbd2 Bb7 10. Nxc4 c5 11. Rd1 Nbd7 {
Black is OK there, having a very easy plan to develop the pieces (Rc8 etc.)
while White has to be patient}) (9. Ne5 Qxd4 $44 {Black has serious
compensation here, White's queenside is stuck}) 9... c6 10. Nxc4 Qxd4 11. Rd1
Qc5 12. Nbd2 Ba6 13. b3 Nbd7 14. Bb2 Rad8 15. Rac1 Nb6 16. Bxf6 gxf6 17. Ne4
Qf5 18. Nxb6 axb6 19. Qxc6 Rxd1+ 20. Rxd1 Rc8 21. Qxb6 Bxe2 22. Qb7 Bxd1 23.
Qxc8+ Bf8 24. Qd8 Bxb3 25. a5 Kg7 26. a6 Qe5 27. h4 Bd5 28. Nxf6 Qxf6 29. Qxf6+
Kxf6 30. Bxd5 Bc5 {1/2 (30) Aronian,L (2797)-Nakamura,H (2767) Saint Louis
2014. This game looks like a battle of analysis}) 8. a4 $5 (8. Qxc4 {is a bit
more common in this position} b5 9. Qc2 Bb7 10. Bd2 {and sometimes the a-pawn
is useful on a3, but that is a different and absolutely unclear position.})
8... Bd7 {The most popular of late in games of top GMs.} 9. Bg5 (9. Qxc4 Bc6
10. Bf4 {Vladimir Kramnik drew the consequences after the game against So and
just a few days later he beat Eljanov} Nbd7 (10... a5 11. Nc3 Na6 (11... Nbd7 {
Amazingly but this move had been made just twice before Kramnik's game} 12. Qd3
Bb4 13. Rfe1 Re8 14. Qc2 Bxf3 15. Bxf3 c6 16. Rad1 $14 {This position has
occurred in So-Kramnik, 1-0, 2017. A bishop pair and a pawn centre take
control of the board}) 12. Ne5 (12. Rac1 Nb4 $11) 12... Bxg2 13. Kxg2 Nd5 {
Black's position looks very cramped}) 11. Nc3 Bd6 12. e3 (12. Bg5 h6 13. Bxf6
Nxf6 14. Qd3 Bb4 15. Ne5 Bxg2 16. Kxg2 c5 {Black was not at risk in
Bykov-Lugovskoy, 2017}) 12... Nb6 13. Qb3 Bxf4 14. gxf4 a5 15. Ne5 Bxg2 16.
Kxg2 Nbd5 $13 {any result can happen there.}) 9... Bc6 10. Rd1 {A very artful
move, White does not rush to eat the pawn on c4.} ({A pragmatic solution would
be} 10. Qxc4 Bd5 11. Qc2 {I prefer this move} ({instead of} 11. Qd3 {the
d-file is intended for the rook}) 11... Be4 12. Qc1 h6 13. Bxf6 Bxf6 14. Rd1 {
the most flexible} a5 15. Qf4 Bh7 16. Nbd2 c6 17. e4 Na6 18. Nc4 $13 {The PC
says it's equal, but from my point of view it's easier to play with White as
was proved in Xiong-Swiercz, 1-0, 2017.}) 10... Nbd7 ({The most important is
to understand the consequences of} 10... b5 {The game between Postny and
Boruchovsky has shown that Black's queenside configuration is not so solid:}
11. Bxf6 (11. Nc3 Nbd7 12. e4 h6 (12... b4 $5 13. d5 Bb7 14. dxe6 fxe6 15. Bxf6
Bxf6 16. Ne2 Qe7 17. Qxc4 Rae8 18. Qxc7 Nc5 $13 {Like a puzzle}) 13. Bxf6 Nxf6
14. d5 $5 exd5 15. e5 {a typical Catalan idea} Ng4 (15... Nd7 16. Nxd5 Bxd5 17.
Rxd5 c6 18. Rdd1 Qe8 19. e6 $5 (19. axb5 cxb5 20. Ng5 Bxg5 21. Bxa8 Nxe5 22.
Rxa6 Nd3 {threating Nb4, and seems like} 23. Rxd3 cxd3 24. Qxd3 $11 {is the
best continuation}) 19... fxe6 20. Nd4 Rc8 21. Bxc6 Bc5 22. axb5 axb5 23. Bxb5
Qf7 $11 {Black got away with being almost killed, but it remains complicated}))
11... Bxf6 12. Nc3 Qe7 13. e4 g6 (13... Qe8 14. d5 exd5 15. exd5 Bb7 16. Nd4
$36 {and White has a lot of compensation for the pawn}) 14. axb5 axb5 15. Rxa8
Bxa8 16. Nxb5 Qb4 17. Nc3 Nd7 18. Ra1 {and I'd prefer White's position.}) 11.
Nbd2 h6 (11... b5 $5 12. b3 Nd5 13. bxc4 (13. axb5 Nb4 14. Qc1 axb5 15. Rxa8
Bxa8 16. Bxe7 Qxe7 17. bxc4 bxc4 18. Qxc4 c5 19. dxc5 Qxc5 $11) 13... Nb4 14.
Qc3 Bxg5 15. axb5 axb5 16. Nxg5 Bxg2 17. Qxb4 Qxg5 18. Kxg2 bxc4 19. Rxa8 Rxa8
20. Qxc4 Qa5 21. Ne4 Qa2 22. Rc1 {with minimal chances of success. A draw is
the most probable result there.}) 12. Bxf6 Nxf6 13. Nxc4 Be4 14. Qc1 $146 ({
A novelty. Recently Alexander Grischuk played} 14. Qb3 a5 15. Nfe5 Bd5 16. Rac1
Re8 17. Qc2 c6 18. e4 Bxc4 19. Qxc4 Qb6 20. d5 cxd5 21. exd5 Bd6 $11 ({instead
of} 21... Bb4 {that Adams had played}) 22. dxe6 Rxe6 {opposite-coloured
bishops and a symmetrical pawn structure tell us all we need to know about the
result of the game.}) 14... a5 ({Now Black is under pressure.} 14... Rc8 {
looks more principled} 15. Nfe5 Bxg2 16. Kxg2 c6 17. a5 Qd5+ 18. f3 Qb5 19. e4
Rfd8 {leaves the position complicated and unclear.} ({After} 19... c5 $5 {
it all becomes forced:} 20. d5 exd5 21. exd5 Rcd8 (21... Rfd8 $4 22. d6 Bxd6
23. Rxd6 Rxd6 24. Nxd6 Qe2+ 25. Kh1 $18 {and the rook is hanging}) 22. d6 Bxd6
23. Nxf7 Rxf7 24. Rxd6 Rxd6 25. Nxd6 Qe2+ 26. Kg1 Nd5 27. Qe1 $11)) 15. Nfe5
Bxg2 16. Kxg2 c6 17. Qc2 Qc7 18. Rac1 Rfd8 19. Qb3 Bf8 20. Qf3 Rac8 21. e4 b5
22. Ne3 Qb7 23. b3 c5 $2 {Harikrishna could not stand the pressure.} ({It was
important to get the bishop out of the cage:} 23... Bb4 24. g4 ({Probably
Penteala didn't like} 24. h4 $5 h5 25. g4 bxa4 26. bxa4 hxg4 27. N3xg4 {
But there is} Nxe4 $5 (27... Nxg4 28. Qxg4 Rf8 29. h5 f5 30. exf5 c5+ 31. f3
exf5 32. Qg3 cxd4 33. h6 Rxc1 34. Rxc1 Bd2 35. Rh1 $16) 28. Qxe4 f5 29. Qf3
fxg4 30. Qxg4 c5+ 31. Kh3 Qe7 $14 {looks dangerous but does not lose
immediately}) 24... Nh7 25. h4 f6 26. Nd3 bxa4 $13 {Very unusual and
non-typical play for Black, but the engine endorses it.}) 24. d5 exd5 25. Nxd5
Rd6 26. axb5 Qxb5 27. Nxf7 $1 Kxf7 28. e5 Re6 29. exf6 g6 (29... Qe2 30. Qc3 $1
{No mercy!} Qe4+ 31. Kg1 gxf6 32. Nf4 Re5 33. Rd7+ Kg8 34. Qxa5 $18 {Like salt
in a wound. White is a pawn up and close to destroying the remainder.}) 30. Re1
Qc6 31. Rxe6 Qxe6 32. Ra1 (32. h4 {is a bit more tidy if Black plays} Rd8 33.
Rd1) 32... Qf5 (32... Rd8 33. Rd1 Rd6 34. Qd3 {with ideas of h4 or Qb5 just
reaching the surface.}) 33. Rxa5 Qxf3+ 34. Kxf3 Rb8 35. Ke4 Rxb3 36. Ra7+ Ke6
37. Nf4+ (37. Ra6+ {could make Boris' performance perfect.} Kf7 38. f4 c4 39.
Ne3 $1 c3 40. Ng4 {and the knight reaches the best place on the board.}) 37...
Kxf6 38. Ra6+ Kf7 39. Ra7+ Kf6 40. Ra6+ Kf7 41. Nxg6 Bg7 42. f4 Rb2 43. h4 Rg2
(43... c4 44. h5 c3 (44... Re2+ 45. Kf3 Rh2 46. Ra7+ Kg8 47. Ne7+ Kh8 48. Rc7 {
a technical position}) 45. Ra7+ Kf6 46. Ne5 $18) 44. Kf3 Rg1 45. h5 c4 46. Ra7+
Kg8 47. Ne7+ Kf8 48. Ng6+ Kg8 49. Rc7 Rc1 50. Ne7+ Kf8 51. Nf5 Bb2 52. Rc8+ {
An amazing game by Boris Gelfand. He increased the pressure move by move and
deserved to win. Surprisingly the PC evaluates most Catalan positions as equal
and Black can even breathe normally despite his lack of space.} 1-0

[Event "Nazran Tower of Concord m"]
[Site "Nazran"]
[Date "2017.08.11"]
[Round "5"]
[White "Gelfand, Boris"]
[Black "Inarkiev, Ernesto"]
[Result "1-0"]
[WhiteElo "2729"]
[BlackElo "2702"]
[PlyCount "99"]
[EventDate "2017.08.03"]
[EventType "match"]
[EventRounds "6"]
[EventCountry "RUS"]
[SourceTitle "CBM 180"]
[Source "ChessBase"]
[SourceDate "2017.09.13"]
[SourceVersion "1"]
[SourceVersionDate "2017.09.13"]
[SourceQuality "1"]

1. c4 Nf6 2. Nc3 e5 3. Nf3 Nc6 4. g3 d5 5. cxd5 Nxd5 6. Bg2 Bc5 7. O-O O-O 8.
d3 Bb6 9. Nxd5 Qxd5 10. b4 Re8 11. Bb2 Qd6 12. b5 Nd4 13. a4 a6 14. a5 Bc5 15.
bxa6 Rxa6 16. Nd2 Qg6 17. e3 Bg4 18. f3 Nf5 19. d4 exd4 20. fxg4 dxe3 21. gxf5
e2+ 22. Kh1 Qg4 23. Qc2 exf1=Q+ 24. Rxf1 Rxa5 25. Nb3 Ra2 26. Nxc5 Qe2 27. Qxe2
Rxe2 28. Rd1 h5 29. Nd3 Rexb2 30. Nxb2 Rxb2 31. Bf3 h4 32. Rd8+ Kh7 33. Rd7 Rb3
34. Kg2 f6 35. Rxc7 hxg3 36. Rxb7 Rxb7 37. Bxb7 gxh2 38. Be4 h1=Q+ 39. Kxh1 Kh6
40. Kg2 Kh7 41. Kg3 Kh6 42. Kg4 Kh7 43. Kh5 Kh8 44. Kg6 Kg8 45. Bf3 Kh8 46. Kf7
Kh7 47. Bh5 Kh8 48. Kf8 Kh7 49. Bf7 Kh8 50. Bg8 1-0

[Event "Nazran Tower of Concord m"]
[Site "Nazran"]
[Date "2017.08.12"]
[Round "6"]
[White "Inarkiev, Ernesto"]
[Black "Gelfand, Boris"]
[Result "0-1"]
[WhiteElo "2702"]
[BlackElo "2729"]
[PlyCount "108"]
[EventDate "2017.08.03"]
[EventType "match"]
[EventRounds "6"]
[EventCountry "RUS"]
[SourceTitle "CBM 180"]
[Source "ChessBase"]
[SourceDate "2017.09.13"]
[SourceVersion "1"]
[SourceVersionDate "2017.09.13"]
[SourceQuality "1"]

1. e4 c5 2. Nf3 Nc6 3. d4 cxd4 4. Nxd4 Nf6 5. Nc3 e5 6. Ndb5 d6 7. Bg5 a6 8.
Na3 b5 9. Bxf6 gxf6 10. Nd5 f5 11. Bd3 Be6 12. O-O Bxd5 13. exd5 Ne7 14. c3 Bg7
15. Qh5 e4 16. Be2 O-O 17. Nc2 Re8 18. g3 f4 19. gxf4 Ng6 20. f5 Nf4 21. Qg4
Nxe2+ 22. Qxe2 Qh4 23. Kh1 Kh8 24. Rg1 Be5 25. Rg2 Rg8 26. Rag1 Rxg2 27. Rxg2
Rg8 28. Qf1 Qh5 29. Ne3 Rg5 30. c4 Qf3 31. cxb5 axb5 32. b3 Bf4 33. Kg1 Bxe3
34. fxe3 Qxe3+ 35. Kh1 Rxg2 36. Kxg2 Qd2+ 37. Kh3 Qxd5 38. Qf4 f6 39. a4 Qd3+
40. Kg2 e3 41. Qf3 bxa4 42. bxa4 Qc2+ 43. Kg3 Qxa4 44. Qxe3 Qb5 45. Kg4 Qe5 46.
Qf3 d5 47. Kh3 Qe4 48. Qh5 Qe3+ 49. Kh4 d4 50. Qd1 d3 51. Qb3 Qf4+ 52. Kh3
Qxf5+ 53. Kh4 d2 54. Qd1 h5 0-1